000 00867nam a2200241 a 4500
001 BRCA_7842
005 20190320210023.0
008 071113s1928----fr-a######---#000-0#fre-#
041 _afre
044 _afr
050 4 _aNK3005
_b.T37 1928
245 1 0 _aLa tapisserie gothique
_cManufacture Nationale des Gobelins.
260 _aParís
_bA. Morance
_c1928
300 _a1 v. (sin paginación)
_bil. (algunas a color), 60 láminas
_c40 cm.
500 _aY59
500 _aLes tapisseries que nous reproduisons dans cet album sontcelles qui figuraient a Exposition gothique de la Manufacture Nationale des Gobelins au mois de Juin 1928
650 1 4 _aTapices
_91909
650 1 4 _aArte gótico
_vExposiciones
_912894
650 1 4 _aGobelinos
_99246
710 2 _aManufacture Nationale de Tapisseries des Gobelins (Francia)
_919409
902 _aGFM
942 _2lcc
_cB
999 _c7516
_d7516